A study of Saiva concepts depicted in the Tiruvicaippa /
Saved in:
| 主要作者: | |
|---|---|
| 格式: | Thesis 图书 |
| 语言: | English |
| 出版: |
2011.
|
| 主题: | |
| 标签: |
添加标签
没有标签, 成为第一个标记此记录!
|
| LEADER | 00996cam a2200253 a 4500 | ||
|---|---|---|---|
| 001 | u839331 | ||
| 003 | SIRSI | ||
| 005 | 201109261507 | ||
| 008 | 110926s2011 my t 000 0 eng m | ||
| 040 | |a UMM | ||
| 090 | |a DS404 |b UMP 2011 Rse | ||
| 100 | 0 | |a R. Seeta Lechumi Ratha Krishnan. | |
| 245 | 1 | 2 | |a A study of Saiva concepts depicted in the Tiruvicaippa / |c R. Seeta Lechumi Ratha Krishnan. |
| 260 | |c 2011. | ||
| 300 | |a xviii, 458 leaves : |b ill. ; |c 30 cm. | ||
| 502 | |a Thesis (Ph.D) -- Jabatan Pengajian India, Fakulti Sastera dan Sains Sosial, Universiti Malaya, 2011. | ||
| 504 | |a Bibliography: leaves 451-458. | ||
| 630 | 0 | |a Tiruvicaippa |x Criticism, interpretation, etc. | |
| 630 | 0 | |a Tirumurai |x Criticism, interpretation, etc. | |
| 650 | 0 | |a Saiva Siddhanta |x Doctrines. | |
| 710 | 2 | 0 | |a Universiti Malaya. |b Jabatan Pengajian India. |
| 900 | |a ZA | ||
| 596 | |a 1 | ||
| 999 | |a DS404 UMP 2011 RSE |w LC |c 1 |i A514880232 |d 28/11/2018 |e 28/11/2018 |f 7/12/2011 |g 1 |l STACKS |m P01UTAMA |n 15 |r Y |s Y |t TESIS |u 6/12/2011 | ||
